[Event "FRA-ch op"]
[Site "Nimes"]
[Date "2014.08.20"]
[Round "4"]
[White "Bandet, Raphael"]
[Black "Donskoi, Karel"]
[Result "1-0"]
[WhiteElo "1915"]
[BlackElo "1981"]
[PlyCount "61"]
[EventDate "2014.08.17"]
[EventType "swiss"]
[EventRounds "11"]
[EventCountry "FRA"]
[SourceTitle "EXT 2015"]
[Source "ChessBase"]
[SourceDate "2014.11.20"]
[SourceVersion "1"]
[SourceVersionDate "2014.11.20"]
[SourceQuality "1"]

1. e4 d5 2. exd5 e6 3. dxe6 Bxe6 4. Nf3 Nf6 5. Nc3 Bb4 6. Be2 Nc6 7. 0-0 Qd7 8. a3 Bd6 9. Bb5 0-0-0 10. d4 Bg4 11. d5 Qf5 12. dxc6 Bxh2+ 13. Kxh2 Rxd1 14. cxb7+ Kb8 15. Rxd1 Bxf3 16. gxf3 Qxf3 17. Kg1 Ne4 18. Be3 Qg4+ 19. Kf1 Qh3+ 20. Ke1 Qh1+ 21. Bf1 Nxc3 22. bxc3 Qc6 23. Rd3 h5 24. Rad1 h4 25. Bh3 Kxb7 26. Ke2 Qg6 27. Kf1 f5 28. Rb1+ Kc8 29. Bg2 c6 30. Bf4 Qg4 31. Kg1 1-0

[Event "Montpellier op 4th"]
[Site "Montpellier"]
[Date "2009.??.??"]
[Round "3"]
[White "Bergez, Luc"]
[Black "Donskoi, Karel"]
[Result "1-0"]
[WhiteElo "2382"]
[BlackElo "2024"]
[PlyCount "83"]
[EventDate "2009.12.26"]
[EventType "swiss"]
[EventRounds "9"]
[EventCountry "FRA"]
[SourceTitle "CBM 134 Extra"]
[Source "ChessBase"]
[SourceDate "2010.03.03"]
[SourceVersion "1"]
[SourceVersionDate "2010.03.03"]
[SourceQuality "1"]

1. d4 e6 2. c4 Nf6 3. Nf3 Bb4+ 4. Nbd2 0-0 5. a3 Bxd2+ 6. Qxd2 d6 7. b4 Nbd7 8. Bb2 a5 9. e3 axb4 10. axb4 Rxa1+ 11. Bxa1 Qe7 12. Be2 e5 13. dxe5 dxe5 14. Qb2 Re8 15. 0-0 e4 16. Nd2 Ne5 17. Nxe4 Nxe4 18. f4 Qh4 19. fxe5 Re6 20. Bd3 Rh6 21. h3 Ng5 22. e6 Nxe6 23. Bf5 f6 24. Qd2 Qg5 25. Rf3 Kf7 26. Qd5 Rg6 27. Bxg6+ Qxg6 28. e4 c6 29. Qf5 Qh6 30. Rf1 Qe3+ 31. Kh1 Qe2 32. Rc1 Qd2 33. Rg1 Qxb4 34. e5 Qxc4 35. Qh5+ Kf8 36. exf6 Qd3 37. fxg7+ Nxg7 38. Qe5 Qg6 39. Rf1+ Kg8 40. Qe7 Ne6 41. Be5 h6 42. Kh2 1-0

[Event "Montpellier op La Diagonale 3rd"]
[Site "Montpellier"]
[Date "2008.12.27"]
[Round "4"]
[White "Donskoi, Karel"]
[Black "Jouet, Philippe"]
[Result "1-0"]
[WhiteElo "2063"]
[BlackElo "1909"]
[PlyCount "89"]
[EventDate "2008.12.27"]
[EventType "swiss"]
[EventRounds "9"]
[EventCountry "FRA"]
[SourceTitle "EXT 2010"]
[Source "ChessBase"]
[SourceDate "2010.11.25"]
[SourceVersion "1"]
[SourceVersionDate "2010.11.25"]
[SourceQuality "1"]

1. e4 e6 2. d4 d5 3. Nc3 dxe4 4. Nxe4 Nd7 5. Bd3 Ngf6 6. Ng3 Bd6 7. N1e2 0-0 8. 0-0 c5 9. c3 b6 10. Bg5 h6 11. Be3 Bb7 12. Qd2 Ng4 13. Bf4 Bxf4 14. Qxf4 Ngf6 15. Rad1 cxd4 16. cxd4 Rc8 17. Nc3 Nd5 18. Nxd5 Bxd5 19. Bb1 Qc7 20. Qd2 Nf6 21. Rc1 Qb7 22. f3 Rxc1 23. Rxc1 Rc8 24. Re1 Qc6 25. Ne4 Ne8 26. Nc3 Bc4 27. Qc2 Nf6 28. Ne4 Nxe4 29. fxe4 Qd7 30. Qd2 Rd8 31. Rd1 Ba6 32. d5 exd5 33. exd5 Qd6 34. Qc2 g6 35. Qd2 Kg7 36. Be4 Qc5+ 37. Kh1 Rd6 38. h3 Qc4 39. Bf3 Qc7 40. Qd4+ Kh7 41. Re1 Qd7 42. Qh4 g5 43. Qe4+ f5 44. Qe7+ Kg6 45. Re6+ 1-0

[Event "FRA-ch op-A"]
[Site "Pau"]
[Date "2008.08.19"]
[Round "7"]
[White "Donskoi, Karel"]
[Black "Debray, Tristan"]
[Result "1/2-1/2"]
[WhiteElo "2084"]
[BlackElo "2145"]
[PlyCount "180"]
[EventDate "2008.08.11"]
[EventType "swiss"]
[EventRounds "9"]
[EventCountry "FRA"]
[SourceTitle "CBM 126 Extra"]
[Source "ChessBase"]
[SourceDate "2008.11.05"]
[SourceVersion "1"]
[SourceVersionDate "2008.11.05"]
[SourceQuality "1"]

1. e4 Nf6 2. Nc3 d5 3. e5 d4 4. exf6 dxc3 5. fxg7 cxd2+ 6. Qxd2 Qxd2+ 7. Bxd2 Bxg7 8. 0-0-0 Be6 9. a3 Nd7 10. Nf3 a6 11. Bf4 0-0-0 12. Ng5 Bg4 13. f3 Bh5 14. Bc4 e6 15. Rhe1 h6 16. Nh3 b5 17. Bf1 e5 18. Bg3 f5 19. Rd2 Bg6 20. a4 c6 21. Rd6 Be8 22. axb5 cxb5 23. Bh4 Kc7 24. Rxa6 Rb8 25. Ra7+ Kc6 26. Bd3 Bg6 27. g4 e4 28. gxf5 Bxf5 29. Bxe4+ Bxe4 30. fxe4 Ra8 31. Rxa8 Rxa8 32. c3 Nc5 33. Kc2 Be5 34. Bg3 Bxg3 35. hxg3 Rg8 36. Re3 Kd6 37. e5+ Kd7 38. Nf4 Rg5 39. b3 h5 40. Nd3 Ne6 41. b4 Rg4 42. Nc5+ Nxc5 43. bxc5 Ke6 44. Kb3 Rc4 45. c6 Rxc6 46. Kb4 Rb6 47. Re4 Rb8 48. Rh4 Kxe5 49. Rxh5+ Kd6 50. Rg5 Rc8 51. g4 Rc4+ 52. Kb3 Ke6 53. Rg8 Kf7 54. Rg5 Kf6 55. Rxb5 Rxg4 56. Rd5 Ke6 57. Rd1 Rg8 58. c4 Rc8 59. Kb4 Rb8+ 60. Kc3 Rc8 61. Re1+ Kd6 62. Kd4 Rh8 63. Rg1 Rh4+ 64. Kc3 Kc6 65. Rg6+ Kc5 66. Rg5+ Kc6 67. Kb4 Rh1 68. Rg6+ Kc7 69. Kb5 Rh7 70. c5 Kb7 71. Rg8 Rf7 72. Rg1 Rh7 73. Ra1 Rh5 74. Rg1 Rh7 75. Rg6 Rf7 76. Rb6+ Kc7 77. Ra6 Rf1 78. Ra7+ Kb8 79. Rg7 Rh1 80. Kb6 Rb1+ 81. Kc6 Rh1 82. Rg8+ Ka7 83. Kc7 Rh7+ 84. Kc8 Ka6 85. Rg6+ Ka7 86. c6 Rh8+ 87. Kc7 Rh7+ 88. Kd6 Kb6 89. Kd5 Kc7 90. Rg5 Rf7 1/2-1/2

[Event "Salon de Provence op 3rd"]
[Site "Salon de Provence"]
[Date "2008.04.15"]
[Round "3"]
[White "Jamme, Jean Pierre"]
[Black "Donskoi, Karel"]
[Result "1/2-1/2"]
[WhiteElo "1991"]
[BlackElo "2085"]
[PlyCount "95"]
[EventDate "2008.04.14"]
[EventType "swiss"]
[EventRounds "7"]
[EventCountry "FRA"]
[SourceTitle "CBM 123 Extra"]
[Source "ChessBase"]
[SourceDate "2008.05.06"]
[SourceVersion "1"]
[SourceVersionDate "2008.05.06"]
[SourceQuality "1"]

1. d4 Nf6 2. c4 c5 3. d5 e6 4. Nc3 exd5 5. cxd5 d6 6. e4 g6 7. Bd3 Bg7 8. Bg5 0-0 9. Nge2 Re8 10. 0-0 b6 11. Qc2 Na6 12. Bb5 Re7 13. Rae1 Nc7 14. Bd3 h6 15. Bh4 g5 16. Bg3 b5 17. b3 Ba6 18. Nc1 Nh5 19. N3e2 Rc8 20. Qd2 Ne8 21. Qe3 Nef6 22. Qf3 g4 23. Qf5 Rb8 24. e5 Nxg3 25. Nxg3 dxe5 26. Ne4 Nxe4 27. Bxe4 Bc8 28. Qh5 Qd7 29. Rd1 Qd6 30. g3 Bd7 31. f3 gxf3 32. Rxf3 Rf8 33. Ne2 f5 34. Bxf5 e4 35. Rf4 Bxf5 36. Rxf5 Rxf5 37. Qxf5 Re5 38. Qc8+ Kh7 39. Nf4 e3 40. Re1 Rg5 41. Kf1 Be5 42. Rxe3 Bxf4 43. Re6 Qxd5 44. Re7+ Rg7 45. Rxg7+ Kxg7 46. gxf4 Qf3+ 47. Kg1 Qxf4 48. Qxc5 1/2-1/2

[Event "FRA-ch op-A"]
[Site "Aix les Bains"]
[Date "2007.08.19"]
[Round "6"]
[White "Bonn, Thomas"]
[Black "Donskoi, Karel"]
[Result "1/2-1/2"]
[WhiteElo "2116"]
[BlackElo "2054"]
[PlyCount "43"]
[EventDate "2007.08.13"]
[EventType "swiss"]
[EventRounds "11"]
[EventCountry "FRA"]
[SourceTitle "CBM 120 Extra"]
[Source "ChessBase"]
[SourceDate "2007.11.01"]
[SourceVersion "1"]
[SourceVersionDate "2007.11.01"]
[SourceQuality "1"]

1. e4 c6 2. Nf3 d5 3. exd5 cxd5 4. Ne5 Nd7 5. d4 Nxe5 6. dxe5 e6 7. Bd3 Bd7 8. Nd2 Ne7 9. Nf3 Nc6 10. c3 Qc7 11. Qe2 Be7 12. Bf4 h6 13. h4 0-0-0 14. h5 Kb8 15. g3 Ka8 16. Kf1 Rc8 17. Kg2 Bg5 18. Nxg5 hxg5 19. Bxg5 Qxe5 20. Bd2 Qd6 21. f4 f6 22. g4 1/2-1/2

[Event "FRA-ch op-A"]
[Site "Aix les Bains"]
[Date "2007.08.18"]
[Round "5"]
[White "Donskoi, Karel"]
[Black "Cau, Benjamin"]
[Result "1-0"]
[WhiteElo "2054"]
[BlackElo "2125"]
[PlyCount "71"]
[EventDate "2007.08.13"]
[EventType "swiss"]
[EventRounds "11"]
[EventCountry "FRA"]
[SourceTitle "CBM 120 Extra"]
[Source "ChessBase"]
[SourceDate "2007.11.01"]
[SourceVersion "1"]
[SourceVersionDate "2007.11.01"]
[SourceQuality "1"]

1. c4 c6 2. e4 d5 3. exd5 cxd5 4. d4 Nf6 5. Nc3 e6 6. Nf3 Nc6 7. Bd3 dxc4 8. Bxc4 Be7 9. 0-0 0-0 10. Be3 Nb4 11. Ne5 Nbd5 12. Qf3 Nxc3 13. bxc3 Nd5 14. Bd2 Bf6 15. Rfe1 b6 16. Bd3 Bd7 17. Qh3 g6 18. f4 Rc8 19. Be4 Bc6 20. Qf3 Ba8 21. Rac1 Bg7 22. Qd3 Rc7 23. g4 Ne7 24. Bxa8 Qxa8 25. h4 Rd8 26. Qg3 Qb7 27. h5 Rcc8 28. hxg6 hxg6 29. Re2 Bf6 30. Rh2 Kg7 31. f5 g5 32. fxe6 fxe6 33. Rf1 Rh8 34. Bxg5 Nd5 35. Bxf6+ Nxf6 36. Rxf6 1-0

[Event "Montpellier op"]
[Site "Montpellier"]
[Date "2006.12.??"]
[Round "6"]
[White "Donskoi, Karel"]
[Black "Carre, Sylvain"]
[Result "1-0"]
[WhiteElo "2041"]
[BlackElo "2065"]
[PlyCount "65"]
[EventDate "2006.12.26"]
[EventType "swiss"]
[EventRounds "9"]
[EventCountry "FRA"]
[SourceTitle "CBM 116 Extra"]
[Source "ChessBase"]
[SourceDate "2007.03.07"]
[SourceVersion "1"]
[SourceVersionDate "2007.03.07"]
[SourceQuality "1"]

1. c4 c5 2. Nc3 Nc6 3. g3 e6 4. Bg2 Nf6 5. e4 d6 6. d3 e5 7. Nge2 Nd7 8. a3 Be7 9. 0-0 g5 10. Nd5 Nb6 11. b4 Nxd5 12. exd5 Nd4 13. bxc5 dxc5 14. Nxd4 cxd4 15. Re1 Qd6 16. Qe2 f6 17. Qh5+ Kf8 18. f4 exf4 19. gxf4 Bf5 20. a4 Qd8 21. fxg5 Bg6 22. Qh6+ Kg8 23. Bh3 f5 24. Re6 Kf7 25. Bd2 Re8 26. Bxf5 Bxf5 27. Rf1 Kg8 28. Rxf5 Bf8 29. Qh5 Rxe6 30. dxe6 Qb6 31. Qf7+ Kh8 32. e7 Qb1+ 33. Rf1 1-0

[Event "FRA-ch Accession"]
[Site "Besancon"]
[Date "2006.08.15"]
[Round "1"]
[White "Montabord, Manuel"]
[Black "Donskoi, Karel"]
[Result "1-0"]
[WhiteElo "2192"]
[BlackElo "2046"]
[PlyCount "95"]
[EventDate "2006.08.15"]
[EventType "swiss"]
[EventRounds "10"]
[EventCountry "FRA"]
[SourceTitle "CBM 113 Extra"]
[Source "ChessBase"]
[SourceDate "2006.09.14"]
[SourceVersion "1"]
[SourceVersionDate "2006.09.14"]
[SourceQuality "1"]

1. e4 c6 2. Nc3 d5 3. Nf3 Bg4 4. h3 Bh5 5. exd5 cxd5 6. g4 Bg6 7. Bb5+ Nc6 8. Ne5 Rc8 9. d4 f6 10. Nxg6 hxg6 11. Qd3 Kf7 12. Nxd5 Nxd4 13. Qxd4 e6 14. Be3 Bc5 15. Qd2 Qxd5 16. Qxd5 exd5 17. Bxc5 Rxc5 18. Bd3 g5 19. 0-0-0 Ne7 20. Rd2 Rcc8 21. Bf1 Rcd8 22. Bg2 Rd7 23. Rhd1 Rhd8 24. Rd4 Ke8 25. Kb1 b6 26. a4 Ng6 27. Bxd5 Kf8 28. c4 Nf4 29. f3 Nxh3 30. Rh1 Nf4 31. Rh8+ Ke7 32. Re4+ Kd6 33. Rxd8 Rxd8 34. Bf7 Rd7 35. Rd4+ Kc6 36. Rxd7 Kxd7 37. Kc2 Kd6 38. b4 a5 39. c5+ bxc5 40. bxa5 Ne2 41. Kd3 Nd4 42. Ke4 Kc6 43. Bd5+ Kc7 44. Kd3 Kb8 45. Kc4 Ka7 46. Kxc5 Ne2 47. Kd6 Nf4 48. Bc4 1-0

[Event "Salon de Provence op 1st"]
[Site "Salon de Provence"]
[Date "2006.04.27"]
[Round "5"]
[White "Donskoi, Karel"]
[Black "Pasquali, Dominique"]
[Result "1-0"]
[WhiteElo "2034"]
[BlackElo "1660"]
[PlyCount "57"]
[EventDate "2006.04.24"]
[EventType "swiss"]
[EventRounds "7"]
[EventCountry "FRA"]
[SourceTitle "CBM 112 Extra"]
[Source "ChessBase"]
[SourceDate "2006.07.14"]
[SourceVersion "1"]
[SourceVersionDate "2006.07.14"]
[SourceQuality "1"]

1. e4 c6 2. Ne2 d5 3. e5 c5 4. d4 Nc6 5. c3 e6 6. Nd2 cxd4 7. cxd4 Bb4 8. a3 Ba5 9. f4 Nh6 10. b4 Bb6 11. Nf3 Nf5 12. b5 Na5 13. Ng3 Nxg3 14. hxg3 Nc4 15. Qc2 Ba5+ 16. Kf2 Qc7 17. Rxh7 Rg8 18. Bxc4 dxc4 19. Be3 a6 20. bxa6 b5 21. Ng5 Rxa6 22. Rah1 Kf8 23. Rh8 Rxh8 24. Rxh8+ Ke7 25. Ne4 Bd7 26. Nc5 Rb6 27. f5 Rb8 28. f6+ gxf6 29. exf6+ 1-0